[Event "Catalunya-chT Gp1"]
[Site "Barcelona"]
[Date "2022.02.26"]
[Round "6.8"]
[White "Jimenez Ruano, Adrian"]
[Black "Rojano Cano, Francisco Jose"]
[Result "1-0"]
[WhiteElo "2218"]
[BlackElo "2042"]
[PlyCount "97"]
[EventDate "2022.01.22"]
[EventType "team-tourn"]
[EventRounds "9"]
[EventCountry "ESP"]
[SourceTitle "CBM 208 Extra"]
[Source "ChessBase"]
[SourceDate "2022.07.31"]
[SourceVersion "1"]
[SourceVersionDate "2022.07.31"]
[SourceQuality "1"]
[WhiteTeam "Barcelona Escacs CC"]
[BlackTeam "Gramenet"]
[WhiteTeamCountry "ESP"]
[BlackTeamCountry "ESP"]

1. d4 Nf6 2. Nf3 e6 3. c4 d5 4. Nc3 Be7 5. cxd5 exd5 6. Bg5 0-0 7. e3 c6 8. Qc2 Ne4 9. Nxe4 dxe4 10. Bxe7 Qxe7 11. Nd2 Re8 12. Be2 Nd7 13. 0-0 Nf6 14. Rab1 Bg4 15. Bxg4 Nxg4 16. h3 Nh6 17. Rfc1 Qh4 18. Nf1 Qe7 19. Ng3 Rad8 20. Qc5 a6 21. Qxe7 Rxe7 22. Rc5 f6 23. b4 g6 24. a4 Rd6 25. b5 axb5 26. axb5 cxb5 27. Rcxb5 Rdd7 28. Ne2 Nf7 29. Nc3 Nd6 30. Rb6 Kg7 31. Na4 Nc4 32. R6b4 b5 33. Nc3 Nd6 34. Nxb5 Nxb5 35. Rxb5 Rc7 36. R5b2 Kh6 37. Kf1 Kg5 38. Ke2 h5 39. Rd2 Red7 40. Rb5+ f5 41. f4+ exf3+ 42. gxf3 Rc3 43. f4+ Kh4 44. Kf3 Re7 45. Re5 Rxe5 46. fxe5 g5 47. e6 f4 48. Re2 fxe3 49. e7 1-0

[Event "Catalunya-chT Gp1"]
[Site "Barcelona"]
[Date "2022.01.22"]
[Round "1.8"]
[White "Valle Luis, Leo"]
[Black "Rojano Cano, Francisco Jose"]
[Result "0-1"]
[WhiteElo "1909"]
[BlackElo "2042"]
[PlyCount "96"]
[EventDate "2022.01.22"]
[EventType "team-tourn"]
[EventRounds "9"]
[EventCountry "ESP"]
[SourceTitle "CBM 206 Extra"]
[Source "ChessBase"]
[SourceDate "2022.03.31"]
[SourceVersion "1"]
[SourceVersionDate "2022.03.31"]
[SourceQuality "1"]
[WhiteTeam "Gerunda"]
[BlackTeam "Gramenet"]
[WhiteTeamCountry "ESP"]
[BlackTeamCountry "ESP"]

1. e4 e6 2. d4 d5 3. Bd3 Nc6 4. Ne2 dxe4 5. Bxe4 Nf6 6. Bf3 Be7 7. 0-0 0-0 8. Bf4 Bd6 9. Bg5 h6 10. Bh4 g5 11. Bg3 Ne7 12. Bxd6 Qxd6 13. Ng3 Nf5 14. c3 Nh4 15. Nd2 Qf4 16. Be4 Nxe4 17. Ndxe4 f5 18. Nc5 b6 19. Nd3 Qd6 20. Qh5 Kg7 21. f4 Qe7 22. Qe2 Bb7 23. Rf2 Ng6 24. fxg5 hxg5 25. Nxf5+ Rxf5 26. Rxf5 exf5 27. Qf2 Re8 28. Re1 Qf7 29. Ne5 Nxe5 30. dxe5 Qd5 31. Qg3 Kg6 32. h4 Qd2 33. Re2 Qf4 34. Qe1 Qxh4 35. Qd1 Rh8 36. Qd7 Qh1+ 37. Kf2 Qxg2+ 38. Ke1 Rh1+ 39. Kd2 Qd5+ 40. Qxd5 Bxd5 41. e6 Be4 42. Ke3 Kf6 43. Kd4 Kxe6 44. Kc4 g4 45. Kb5 g3 46. c4 g2 47. b4 g1Q 48. a4 a5 0-1

[Event "Roncana op-A 13th"]
[Site "Santa Eulalia de Roncana"]
[Date "2019.11.16"]
[Round "7"]
[White "Rojano Cano, Francisco Jose"]
[Black "Torras Coloma, Pau"]
[Result "1-0"]
[WhiteElo "2063"]
[BlackElo "1824"]
[PlyCount "51"]
[EventDate "2019.09.28"]
[EventType "swiss"]
[EventRounds "8"]
[EventCountry "ESP"]
[SourceTitle "CBM 193 Extra"]
[Source "ChessBase"]
[SourceDate "2020.01.31"]
[SourceVersion "1"]
[SourceVersionDate "2020.01.31"]
[SourceQuality "1"]

1. e4 c5 2. Nf3 Nc6 3. Nc3 e5 4. Bc4 g6 5. d3 h6 6. h3 Bg7 7. Be3 d6 8. Nh2 Nge7 9. g4 Nd4 10. Nd5 Nxd5 11. Bxd5 Be6 12. c3 Bxd5 13. exd5 Nb5 14. Qe2 0-0 15. Qd2 g5 16. Nf1 Nc7 17. c4 Qf6 18. Ng3 Qf3 19. Qe2 e4 20. dxe4 Qxe2+ 21. Kxe2 Rfe8 22. f3 b5 23. Nf5 Bxb2 24. Rab1 Be5 25. cxb5 Kh7 26. h4 1-0

[Event "Roncana op-A 13th"]
[Site "Santa Eulalia de Roncana"]
[Date "2019.10.19"]
[Round "4"]
[White "Rojano Cano, Francisco Jose"]
[Black "Castillo Martinez, Aran"]
[Result "1-0"]
[WhiteElo "2063"]
[BlackElo "1743"]
[PlyCount "87"]
[EventDate "2019.09.28"]
[EventType "swiss"]
[EventRounds "8"]
[EventCountry "ESP"]
[SourceTitle "CBM 193 Extra"]
[Source "ChessBase"]
[SourceDate "2020.01.31"]
[SourceVersion "1"]
[SourceVersionDate "2020.01.31"]
[SourceQuality "1"]

1. e4 e5 2. Nf3 Nc6 3. Bb5 a6 4. Ba4 Nf6 5. 0-0 Be7 6. d3 b5 7. Bb3 0-0 8. c3 d6 9. Re1 Na5 10. Bc2 c5 11. Nbd2 Re8 12. Nf1 Bf8 13. Bg5 h6 14. Bd2 g6 15. h3 Bg7 16. N3h2 d5 17. Qf3 dxe4 18. dxe4 Nc4 19. Bc1 Nb6 20. Be3 Nfd7 21. Ng4 h5 22. Nh6+ Bxh6 23. Bxh6 Qf6 24. Qg3 c4 25. Rad1 Nc5 26. Bg5 Qc6 27. Be3 Bb7 28. f3 Nba4 29. Bc1 Qc7 30. Qg5 Ne6 31. Qh6 Nac5 32. Ne3 Rad8 33. Nd5 Bxd5 34. exd5 Nf4 35. Bxf4 exf4 36. Rxe8+ Rxe8 37. d6 Qb6 38. Kh2 Ne6 39. d7 Rd8 40. Bxg6 fxg6 41. Qxg6+ Kf8 42. Qf6+ Kg8 43. Rd5 Qe3 44. Rxh5 1-0

[Event "Andorra op 37th"]
[Site "Escaldes"]
[Date "2019.07.27"]
[Round "1"]
[White "Rojano Cano, Francisco Jose"]
[Black "Lagarde, Maxime"]
[Result "0-1"]
[WhiteElo "2056"]
[BlackElo "2597"]
[PlyCount "66"]
[EventDate "2019.07.27"]
[EventType "swiss"]
[EventRounds "9"]
[EventCountry "AND"]
[SourceTitle "CBM 191 Extra"]
[Source "ChessBase"]
[SourceDate "2019.09.30"]
[SourceVersion "1"]
[SourceVersionDate "2019.09.30"]
[SourceQuality "1"]

1. e4 g6 2. d4 Bg7 3. Be3 d6 4. f3 a6 5. Qd2 Nd7 6. Nc3 b5 7. a4 b4 8. Nd5 c5 9. Ne2 e6 10. Ndf4 Ne7 11. Nh3 Nc6 12. Rd1 0-0 13. g3 d5 14. Bh6 dxe4 15. Bxg7 Kxg7 16. fxe4 e5 17. d5 Nd4 18. Nxd4 cxd4 19. Nf2 a5 20. Bb5 Nc5 21. 0-0 f6 22. c3 Qb6 23. cxb4 axb4 24. b3 Ba6 25. Bxa6 Rxa6 26. Ng4 Kg8 27. Qh6 Qd6 28. Rc1 Nxe4 29. Rc6 Rxc6 30. dxc6 f5 31. a5 d3 32. Qc1 Nc3 33. Nh6+ Kg7 0-1

[Event "Roncana op 11th"]
[Site "Santa Eulalia de Roncana"]
[Date "2017.09.23"]
[Round "1"]
[White "Martin Capitan, Jesus C"]
[Black "Rojano Cano, Francisco Jose"]
[Result "1-0"]
[WhiteElo "1703"]
[BlackElo "2092"]
[PlyCount "49"]
[EventDate "2017.09.23"]
[EventType "swiss"]
[EventRounds "8"]
[EventCountry "ESP"]
[SourceTitle "CBM 187 Extra"]
[Source "ChessBase"]
[SourceDate "2018.11.04"]
[SourceVersion "1"]
[SourceVersionDate "2018.11.04"]
[SourceQuality "1"]

1. e4 e6 2. d4 d5 3. Bd3 dxe4 4. Bxe4 Nf6 5. Bf3 Nc6 6. Ne2 Bd6 7. 0-0 h5 8. h4 Ng4 9. g3 e5 10. Nbc3 Bf5 11. Ne4 Qd7 12. Bg5 f6 13. Bxg4 Bxg4 14. Bxf6 0-0 15. dxe5 Rae8 16. f3 Bh3 17. Rf2 gxf6 18. exd6 Ne5 19. Nf4 Qf5 20. Nxh3 Qxh3 21. dxc7 Re7 22. Nxf6+ Kg7 23. Nxh5+ Kh6 24. Qd6+ Ng6 25. g4 1-0

[Event "Barbera del Valles op 40th"]
[Site "Barbera del Valles"]
[Date "2017.07.04"]
[Round "1"]
[White "Rojano Cano, Francisco Jose"]
[Black "Quirhuayo Chumbe, German Gonzalo"]
[Result "1/2-1/2"]
[WhiteElo "2071"]
[BlackElo "2376"]
[PlyCount "82"]
[EventDate "2017.07.04"]
[EventType "swiss"]
[EventRounds "9"]
[EventCountry "ESP"]
[SourceTitle "EXT 2018"]
[Source "ChessBase"]
[SourceDate "2017.10.13"]
[SourceVersion "1"]
[SourceVersionDate "2017.10.13"]
[SourceQuality "1"]

1. e4 c5 2. Nf3 d6 3. Nc3 Nf6 4. d4 cxd4 5. Nxd4 a6 6. Be2 e6 7. 0-0 Be7 8. Kh1 Qc7 9. f4 0-0 10. Bf3 Nc6 11. Nxc6 bxc6 12. Be3 Rb8 13. b3 Rd8 14. Qe2 d5 15. Rad1 Bb7 16. Bd4 Ne8 17. exd5 exd5 18. Qf2 Ba8 19. Be2 Bf6 20. Na4 Bxd4 21. Qxd4 a5 22. Nc5 Qe7 23. Bd3 Nc7 24. Rde1 Qd6 25. Re5 Qf6 26. Rfe1 h6 27. Qe3 Qd6 28. h3 Rf8 29. Bf5 Rbd8 30. Bd3 Ne8 31. Rxe8 Rdxe8 32. Qxe8 Qxc5 33. Qd7 Qb4 34. Re8 g6 35. Bxg6 Qxf4 36. Rxf8+ Kxf8 37. Qc8+ Kg7 38. Bd3 Qc1+ 39. Kh2 Qf4+ 40. Kh1 Qc1+ 41. Kh2 Qf4+ 1/2-1/2

[Event "Roncana op-A 10th"]
[Site "Santa Eulalia de Roncana"]
[Date "2016.11.05"]
[Round "6"]
[White "Campos Cayuelas, Adria"]
[Black "Rojano Cano, Francisco Jose"]
[Result "1-0"]
[WhiteElo "2020"]
[BlackElo "2107"]
[PlyCount "65"]
[EventDate "2016.09.24"]
[EventType "swiss"]
[EventRounds "8"]
[EventCountry "ESP"]
[SourceTitle "EXT 2018"]
[Source "ChessBase"]
[SourceDate "2017.10.13"]
[SourceVersion "1"]
[SourceVersionDate "2017.10.13"]
[SourceQuality "1"]

1. e4 Nc6 2. d4 d5 3. Nc3 e6 4. e5 Nge7 5. Nf3 Nf5 6. Be3 Be7 7. Bd3 Nb4 8. Bxf5 exf5 9. a3 Na6 10. Qd2 h6 11. h4 Be6 12. 0-0-0 Rb8 13. Nb5 c6 14. Nd6+ Kf8 15. Bf4 b5 16. c3 Nc7 17. h5 a5 18. Qd3 b4 19. axb4 axb4 20. Nxf5 bxc3 21. bxc3 Ba3+ 22. Kd2 Rb2+ 23. Ke1 Nb5 24. Bd2 Qa5 25. N3h4 Rb3 26. Rh3 Bb2 27. Qc2 Qa2 28. Rf3 Na3 29. Qd3 Nb5 30. Ng6+ Ke8 31. Nxg7+ Kd7 32. Nxe6 fxg6 33. Nc5+ 1-0

[Event "Mollet del Valles op 4th"]
[Site "Mollet del Valles"]
[Date "2016.10.28"]
[Round "5"]
[White "Rojano Cano, Francisco Jose"]
[Black "Morais Carreras, Javier"]
[Result "1-0"]
[WhiteElo "2107"]
[BlackElo "1970"]
[PlyCount "67"]
[EventDate "2016.09.30"]
[EventType "swiss"]
[EventRounds "9"]
[EventCountry "ESP"]
[SourceTitle "EXT 2018"]
[Source "ChessBase"]
[SourceDate "2017.10.13"]
[SourceVersion "1"]
[SourceVersionDate "2017.10.13"]
[SourceQuality "1"]

1. e4 e5 2. Nf3 Nf6 3. d4 Nxe4 4. Bd3 Nc6 5. 0-0 d5 6. dxe5 Bg4 7. Nc3 Bxf3 8. Qxf3 Nxc3 9. bxc3 Be7 10. Re1 0-0 11. Rb1 Na5 12. Qh3 g6 13. Bh6 Re8 14. e6 f6 15. Qg4 Kh8 16. Re3 Rg8 17. Rh3 f5 18. Qf4 c5 19. Re1 Nc6 20. Bb5 Qd6 21. Qxd6 Bxd6 22. Rd3 Ne7 23. Bg5 Rgd8 24. Bd7 Kg7 25. c4 d4 26. c3 h6 27. Bd2 Nc6 28. Bxc6 bxc6 29. cxd4 cxd4 30. e7 Re8 31. Rxd4 Bxe7 32. Rd7 Kf6 33. Bc3+ Kf7 34. Bb4 1-0

[Event "Roncana op-A 10th"]
[Site "Santa Eulalia de Roncana"]
[Date "2016.10.15"]
[Round "4"]
[White "Martos Martin, Josep Angel"]
[Black "Rojano Cano, Francisco Jose"]
[Result "1/2-1/2"]
[WhiteElo "1877"]
[BlackElo "2107"]
[PlyCount "66"]
[EventDate "2016.09.24"]
[EventType "swiss"]
[EventRounds "8"]
[EventCountry "ESP"]
[SourceTitle "EXT 2018"]
[Source "ChessBase"]
[SourceDate "2017.10.13"]
[SourceVersion "1"]
[SourceVersionDate "2017.10.13"]
[SourceQuality "1"]

1. e4 e6 2. b3 c5 3. Bb2 Nc6 4. Nf3 Nf6 5. e5 Nd5 6. Nc3 Nxc3 7. Bxc3 Be7 8. Bb5 Nb4 9. Bxb4 cxb4 10. d4 a6 11. Bd3 d5 12. 0-0 Bd7 13. Nd2 Qb6 14. Qg4 g6 15. Qf4 h6 16. Nf3 Rc8 17. Rfd1 Bb5 18. Qd2 Rc3 19. a3 g5 20. Bxb5+ Qxb5 21. a4 Qc6 22. Ra2 Kd7 23. Ne1 Qc8 24. Qe2 Qg8 25. Rd3 Qg6 26. Rxc3 bxc3 27. Qd3 Qxd3 28. Nxd3 f5 29. Kf1 Rc8 30. Ke2 Kc6 31. Ra1 Bd8 32. Nc1 b5 33. axb5+ Kxb5 1/2-1/2

[Event "Mollet del Valles op 4th"]
[Site "Mollet del Valles"]
[Date "2016.10.07"]
[Round "2"]
[White "Prats Rodriguez, Juan Bosco"]
[Black "Rojano Cano, Francisco Jose"]
[Result "0-1"]
[WhiteElo "1963"]
[BlackElo "2107"]
[PlyCount "71"]
[EventDate "2016.09.30"]
[EventType "swiss"]
[EventRounds "9"]
[EventCountry "ESP"]
[SourceTitle "EXT 2018"]
[Source "ChessBase"]
[SourceDate "2017.10.13"]
[SourceVersion "1"]
[SourceVersionDate "2017.10.13"]
[SourceQuality "1"]

1. e4 e6 2. d3 c5 3. Nf3 Nc6 4. g3 Be7 5. Bg2 h5 6. h4 d6 7. Nc3 Nf6 8. Bg5 Qb6 9. Rb1 Bd7 10. a3 a6 11. 0-0 Qc7 12. d4 0-0-0 13. d5 Na7 14. dxe6 fxe6 15. Qe2 Nc6 16. Rfd1 Ng4 17. Bxe7 Nxe7 18. b4 Bc6 19. Ng5 Rh6 20. bxc5 d5 21. exd5 Nxd5 22. Nce4 Rf8 23. c4 Nc3 24. Nxc3 Rxf2 25. Qxf2 Nxf2 26. Kxf2 Rf6+ 27. Nf3 Qe5 28. Rd3 Qxc5+ 29. Ke2 e5 30. Rbd1 e4 31. Rd8+ Kc7 32. Nxe4 Qxc4+ 33. R1d3 Bxe4 34. R8d7+ Kb6 35. Ne5 Bxd3+ 36. Nxd3 0-1

[Event "Roncana op-A 8th"]
[Site "Santa Eulalia de Roncana"]
[Date "2014.10.18"]
[Round "2"]
[White "Oset Teixidor, Guerau"]
[Black "Rojano Cano, Francisco Jose"]
[Result "1/2-1/2"]
[WhiteElo "2105"]
[BlackElo "2243"]
[PlyCount "29"]
[EventDate "2014.10.11"]
[EventType "swiss"]
[EventRounds "8"]
[EventCountry "ESP"]
[SourceTitle "CBM 163 Extra"]
[Source "ChessBase"]
[SourceDate "2014.12.23"]
[SourceVersion "1"]
[SourceVersionDate "2014.12.23"]
[SourceQuality "1"]

1. e4 e6 2. d4 d5 3. exd5 exd5 4. Bd3 Nc6 5. Ne2 Bd6 6. c3 Nf6 7. Bf4 Nh5 8. Bxd6 Qxd6 9. Qc2 Bd7 10. 0-0 Ne7 11. Nd2 g6 12. Rfe1 0-0 13. Nf3 f6 14. g3 Rae8 15. Nh4 1/2-1/2

[Event "Barcelona Sants op 16th"]
[Site "Barcelona"]
[Date "2014.08.27"]
[Round "6"]
[White "Rojano Cano, Francisco Jose"]
[Black "Granda Zuniga, Julio E"]
[Result "0-1"]
[WhiteElo "2141"]
[BlackElo "2663"]
[PlyCount "84"]
[EventDate "2014.08.22"]
[EventType "swiss"]
[EventRounds "10"]
[EventCountry "ESP"]
[SourceTitle "CBM 162 Extra"]
[Source "ChessBase"]
[SourceDate "2014.10.17"]
[SourceVersion "1"]
[SourceVersionDate "2014.10.17"]
[SourceQuality "1"]

1. e4 c5 2. Nf3 Nc6 3. Nc3 e5 4. Bc4 d6 5. d3 h6 6. h3 g6 7. Be3 Bg7 8. Qd2 Nge7 9. g4 a6 10. a4 Be6 11. Bxe6 fxe6 12. g5 Nd4 13. Bxd4 exd4 14. Ne2 Qd7 15. Nh2 0-0-0 16. Ng4 h5 17. Nf6 Bxf6 18. gxf6 Nc6 19. Qg5 Ne5 20. Ng1 Nf7 21. Qd2 g5 22. b4 Kb8 23. bxc5 dxc5 24. Nf3 Rdg8 25. h4 g4 26. Ng5 e5 27. Rb1 Rg6 28. Rb6 Nd6 29. Qa5 Nc8 30. Rb2 Rxf6 31. Qxc5 Re8 32. 0-0 Rc6 33. Qa3 b6 34. Rfb1 Ka7 35. Qa2 Rf8 36. Rb5 Qc7 37. R5b2 Qe7 38. Qd5 Qe8 39. a5 b5 40. Rxb5 axb5 41. Qxb5 Nd6 42. Qd5 Rf6 0-1

[Event "Roncana op-A 7th"]
[Site "Santa Eulalia de Roncana"]
[Date "2013.11.09"]
[Round "5"]
[White "Rojano Cano, Francisco Jose"]
[Black "Guix Torres, David"]
[Result "0-1"]
[WhiteElo "2162"]
[BlackElo "2032"]
[PlyCount "126"]
[EventDate "2013.10.05"]
[EventType "swiss"]
[EventRounds "8"]
[EventCountry "ESP"]
[SourceTitle "CBM 157 Extra"]
[Source "ChessBase"]
[SourceDate "2013.12.19"]
[SourceVersion "1"]
[SourceVersionDate "2013.12.19"]
[SourceQuality "1"]

1. e4 c5 2. Nf3 d6 3. Nc3 e5 4. Bc4 Be7 5. d3 Nf6 6. h3 Nc6 7. Bg5 0-0 8. Qd2 a6 9. a4 Rb8 10. Bxf6 Bxf6 11. Nd5 Be6 12. Ne3 Qd7 13. Bd5 Ne7 14. c3 Bxd5 15. exd5 Ng6 16. Qc2 Be7 17. g4 Nf4 18. Nd2 b5 19. a5 Qb7 20. Nf5 Nxd5 21. Ne4 Rbd8 22. 0-0-0 Rfe8 23. Rdg1 Nf6 24. Neg3 Bf8 25. g5 Nd7 26. Ne4 Qc7 27. Qe2 d5 28. Nh6+ Kh8 29. Nxf7+ Kg8 30. Nxd8 dxe4 31. g6 Qxd8 32. gxh7+ Kh8 33. dxe4 Qxa5 34. Qh5 Nf6 35. Qf7 Qa1+ 36. Kc2 Qa4+ 37. Kc1 Qxe4 38. Rd1 b4 39. Rhe1 Qf4+ 40. Kb1 bxc3 41. bxc3 Qxf2 42. Qa2 Qf5+ 43. Ka1 Kxh7 44. Rf1 Qe6 45. Qf2 Qb3 46. Qf5+ Kg8 47. Rd2 Qa3+ 48. Kb1 Qxc3 49. Rb2 c4 50. Rf3 Qe1+ 51. Ka2 Qe4 52. Rg2 Qxf5 53. Rxf5 Kf7 54. h4 e4 55. h5 e3 56. Re2 Ke6 57. Ra5 Nd5 58. Kb2 Bb4 59. Rxa6+ Ke5 60. Rg6 Ke4 61. Rc2 Kd3 62. Rg3 Bc3+ 63. Kc1 Ra8 0-1

[Event "Roncana op 6th"]
[Site "Santa Eulalia de Roncana"]
[Date "2012.11.24"]
[Round "7"]
[White "Centelles Vivas, Aleix"]
[Black "Rojano Cano, Francisco Jose"]
[Result "0-1"]
[WhiteElo "1735"]
[BlackElo "2184"]
[PlyCount "82"]
[EventDate "2012.10.06"]
[EventType "swiss"]
[EventRounds "8"]
[EventCountry "ESP"]
[SourceTitle "EXT 2014"]
[Source "ChessBase"]
[SourceDate "2013.11.20"]
[SourceVersion "1"]
[SourceVersionDate "2013.11.20"]
[SourceQuality "1"]

1. d4 d5 2. c4 dxc4 3. Nc3 a6 4. e3 Nf6 5. Bxc4 e6 6. Nf3 Be7 7. 0-0 0-0 8. b3 c5 9. Bb2 b5 10. Bd3 Bb7 11. Rc1 Nbd7 12. dxc5 Nxc5 13. Be2 Qb6 14. b4 Ncd7 15. Qb3 Rac8 16. Rfd1 Rfd8 17. h3 Nd5 18. a3 N7f6 19. Nd2 Nxe3 20. Na4 bxa4 21. Qxe3 Qxe3 22. fxe3 Rxc1 23. Bxc1 Rc8 24. Nc4 Nd5 25. Bb2 f5 26. Bd4 Bc6 27. Ne5 Bb5 28. Rd2 Bh4 29. Bc5 Bg3 30. Nf3 Bxe2 31. Rxe2 a5 32. Ne1 axb4 33. axb4 Nc3 34. Rc2 Bxe1 35. Kf1 Nd5 36. Kxe1 Nxb4 37. Rc3 Rxc5 38. Rxc5 Nd3+ 39. Kd2 Nxc5 40. Kc3 Kf7 41. g4 Kf6 0-1

[Event "Roncana op 6th"]
[Site "Santa Eulalia de Roncana"]
[Date "2012.11.17"]
[Round "6"]
[White "Rojano Cano, Francisco Jose"]
[Black "Canal Oliveras, Joan"]
[Result "0-1"]
[WhiteElo "2184"]
[BlackElo "2239"]
[PlyCount "80"]
[EventDate "2012.10.06"]
[EventType "swiss"]
[EventRounds "8"]
[EventCountry "ESP"]
[SourceTitle "EXT 2014"]
[Source "ChessBase"]
[SourceDate "2013.11.20"]
[SourceVersion "1"]
[SourceVersionDate "2013.11.20"]
[SourceQuality "1"]

1. e4 e5 2. Nf3 d6 3. Nc3 Nf6 4. d4 Nbd7 5. Bd3 g6 6. h3 Bg7 7. dxe5 Nxe5 8. Nxe5 dxe5 9. Be3 Qe7 10. a3 0-0 11. b4 b6 12. Qe2 a5 13. b5 Bb7 14. g4 Nd7 15. Bc4 Nf6 16. Bg5 Rad8 17. Nd5 Bxd5 18. Bxd5 h6 19. Bxf6 Bxf6 20. Qc4 Bh4 21. a4 Rd6 22. 0-0-0 Bxf2 23. Rd3 Rf6 24. Bc6 Bd4 25. h4 Rf2 26. Kb1 Qf6 27. Rdh3 Rf3 28. g5 Rxh3 29. gxf6 Rxh1+ 30. Ka2 Rxh4 31. Bd5 Bc5 32. Qc3 Bd6 33. Qf3 Rf4 34. Qh3 h5 35. Qg2 Rxf6 36. Qg5 Kg7 37. Bc4 Rh8 38. Qh4 Rf4 39. Qh3 Rxe4 40. Qb3 Rf4 0-1